| 000 | 00519nam a2200181 4500 | ||
|---|---|---|---|
| 003 | LK-CoMWRAF | ||
| 005 | 20230825074419.0 | ||
| 008 | 230825b2010 |||||||| |||| 00| 0 eng d | ||
| 020 | _a9781407081342 | ||
| 040 |
_aLK-CoMWRAF _dLK-CoMWRAF _eLK-CoMWRAF |
||
| 041 | _aeng | ||
| 082 |
_a942.1 _bCAN |
||
| 110 | _aCandappa, Rohan | ||
| 245 |
_aPicklehead: _bFrom Ceylon to suburbia : a memoir of food, family and finding yourself |
||
| 260 |
_aLondon, _bEbury, _c2010 |
||
| 650 | _aAgriculture & Foods | ||
| 942 |
_n0 _cBK |
||
| 999 |
_c3256 _d3256 |
||